Computer calculations for multicomponent vapor-liquid equilibria

Saved in:
Bibliografiske detaljer
Main Authors: Prausnitz, J. M (Author), Eckert, C. A (Author), Orye, R. V (Author), O'Connell, J. P (Author)
Format: Bog
Sprog:engelsk
Udgivet: Englewood Cliffs Prentice-Hall 1967
Serier:Prentice-Hall International Series in the Physical and Chemical Engineering Sciences
Fag:
Tags: Tilføj Tag
Ingen Tags, Vær først til at tagge denne postø!

MARC

LEADER 00000nam a2200000 a 4500
001 UCU3632
003 CL-VaPUC
008 960510e19670000us |||||||||||||||||eng|d
082 0 4 |a 541.392  |b PRA  |2 21 
100 0 |a Prausnitz, J. M  |e author  |9 360685 
700 0 |a Eckert, C. A  |e author  |9 360686 
700 0 |a Orye, R. V  |e author  |9 360687 
700 0 |a O'Connell, J. P  |e author  |9 360688 
245 1 0 |a Computer calculations for multicomponent vapor-liquid equilibria 
300 |a 238 p 
942 |c BK 
945 |d 19960510 00:00:00  |a paguirre 
260 |a Englewood Cliffs  |b Prentice-Hall  |c 1967 
650 7 |a EQUILIBRIOS QUIMICOS  |2 CL-VaPUC  |9 336637 
650 0 |a Cálculo  |9 260234 
650 0 |a Reacciones químicas  |9 259438 
650 0 |a Termodinámica   |9 259320 
650 7 |a TRANSFORMACIONES DE FASE  |2 CL-VaPUC  |9 360689 
650 0 |a Estados de la Materia  |9 347141 
583 |a last modification  |c 20160706 02:42:28  |k Rodrigo Vera 
490 0 |a Prentice-Hall International Series in the Physical and Chemical Engineering Sciences 
999 |c 247574  |d 247572 
952 |0 0  |1 0  |4 0  |6 541_392000000000000_PRA_1967  |7 0  |8 A  |9 263577  |a BIBING  |b BIBING  |d 2019-11-19  |i 1656864  |o 541.392 PRA 1967  |p 1656864  |r 2025-01-20  |w 2019-11-19  |y BK  |k EIQ